书目信息 |
| 题名: |
繁荣乡村文化 建设和谐京郊
|
|
| 作者: | 陈水乡 主编 ;北京市农村经济研究中心 编 | |
| 分册: | ||
| 出版信息: | 北京 中国农业出版社 2013 |
|
| 页数: | 158页 | |
| 开本: | 26cm | |
| 丛书名: | ||
| 单 册: | ||
| 中图分类: | G127.1-53 | |
| 科图分类: | ||
| 主题词: | 农村文化--文化事业--建设--北京--文集 , 农村文化 , 文化事业 | |
| 电子资源: | ||
| ISBN: | 978-7-109-17560-0 | |
| 000 | 01073nam0 22002651 450 | |
| 001 | 524 | |
| 005 | 20140909171046.98 | |
| 010 | @a978-7-109-17560-0@dCNY35.00 | |
| 100 | @a20130329d2013 em y0chiy50 ea | |
| 101 | 0 | @achi |
| 102 | @aCN@b110000 | |
| 105 | @ay z 000yy | |
| 106 | @ar | |
| 200 | 1 | @a繁荣乡村文化 建设和谐京郊@AFan Rong Xiang Cun Wen Hua Jian She He Xie Jing Jiao@f陈水乡主编@FChen Shui Xiang Zhu Bian@g北京市农村经济研究中心编 |
| 210 | @a北京@c中国农业出版社@d2013 | |
| 215 | @a158页@d26cm | |
| 330 | @a本书涉及传承和弘扬优秀传统文化、促进文化经济融合发展、培育农村文化工作者、大力开展文化活动促进社会和谐等各个方面,展示了近年来京郊文化建设的丰硕成果,讴歌了人民的时代风采和文化工作者的奋斗精神。 | |
| 606 | 0 | @a农村文化@x文化事业@x建设@y北京@j文集 |
| 606 | 0 | @a农村文化 |
| 606 | 0 | @a文化事业 |
| 690 | @aG127.1-53@v5 | |
| 701 | 0 | @a陈水乡@AChen Shui Xiang@g(农业技术)@4主编 |
| 712 | 02 | @a北京市农村经济研究中心@ABei Jing Shi Nong Cun Jing Ji Yan Jiu Zhong Xin@4编 |
| 801 | 0 | @aCN@bTANGWEI@c20140603 |
| 905 | @b0837528-30@dG127.1-53@e146@f3 | |
| 繁荣乡村文化 建设和谐京郊/陈水乡主编/北京市农村经济研究中心编.-北京:中国农业出版社,2013 |
| 158页;26cm |
| ISBN 978-7-109-17560-0:CNY35.00 |
| 本书涉及传承和弘扬优秀传统文化、促进文化经济融合发展、培育农村文化工作者、大力开展文化活动促进社会和谐等各个方面,展示了近年来京郊文化建设的丰硕成果,讴歌了人民的时代风采和文化工作者的奋斗精神。 |
| ● |
| 相关链接 |
|
|
|
|
正题名:繁荣乡村文化 建设和谐京郊
索取号:G127.1-53/146
 
预约/预借
| 序号 | 登录号 | 条形码 | 馆藏地/架位号 | 状态 | 备注 |
| 1 | 0837528 | 208375284 | 第一样本阅览室/ [索取号:G127.1-53/146] | 在馆 | |
| 2 | 0837529 | 208375293 | 第四借阅区/ [索取号:G127.1-53/146] | 在馆 | |
| 3 | 0837530 | 208375300 | 第四借阅区/ [索取号:G127.1-53/146] | 在馆 |